The effects of noise on man (Record no. 75774)
[ view plain ]
| 000 -LEADER | |
|---|---|
| fixed length control field | 00654nam a2200145 a 4500 |
| 008 - FIXED-LENGTH DATA ELEMENTS--GENERAL INFORMATION | |
| fixed length control field | 120416s1970 ||||||||||||||||| || u |
| 050 ## - LIBRARY OF CONGRESS CALL NUMBER | |
| Classification number | BF 205.N6 Kry |
| 100 ## - MAIN ENTRY--PERSONAL NAME | |
| Personal name | Kryter, Karl D |
| 245 14 - TITLE STATEMENT | |
| Title | The effects of noise on man |
| 260 ## - PUBLICATION, DISTRIBUTION, ETC. | |
| Place of publication, distribution, etc. | London: |
| Name of publisher, distributor, etc. | Academic Press |
| Date of publication, distribution, etc. | 1970 |
| 350 ## - | |
| -- | 0.00 |
| 650 ## - SUBJECT ADDED ENTRY--TOPICAL TERM | |
| Topical term or geographic name entry element | NOISE--PSYCHOLOGICAL EFFECT |
| 995 ## - | |
| -- | MAIN LIBRARY OPEN ACCESS |
| -- | 0.00 |
| -- | 703109 |
| -- | CBU-MAIN LIBRARY (Kitwe) |
| -- | 1 |
| -- | 20.00 |
| -- | BF 205.N6 Kry |
| -- | 1 |
| -- | AVAILABLE |
| -- | 000974 |
| -- | Main Library Open Access Collection |
| 995 ## - | |
| -- | MAIN LIBRARY OPEN ACCESS |
| -- | 0.00 |
| -- | 715474 |
| -- | CBU-MAIN LIBRARY (Kitwe) |
| -- | 2 |
| -- | 20.00 |
| -- | BF 205.N6 Kry |
| -- | 2 |
| -- | AVAILABLE |
| -- | 000975 |
| -- | Main Library Open Access Collection |
| 999 ## - | |
| -- | 75774 |
| -- | 75774 |
| Withdrawn status | Lost status | Source of classification or shelving scheme | Damaged status | Not for loan | Permanent Location | Current Location | Shelving location | Date acquired | Total Checkouts | Full call number | Barcode | Date last seen | Copy number | Price effective from | Koha item type |
|---|---|---|---|---|---|---|---|---|---|---|---|---|---|---|---|
| CBU-MAIN LIBRARY, KITWE. | CBU-MAIN LIBRARY, KITWE. | 04/24/2023 | BF 205.N6 Kry | 000974 | 04/24/2023 | 1 | 04/24/2023 | MONOGRAPH | |||||||
| CBU-MAIN LIBRARY, KITWE. | CBU-MAIN LIBRARY, KITWE. | 04/24/2023 | BF 205.N6 Kry | 000975 | 04/24/2023 | 2 | 04/24/2023 | MONOGRAPH |